Агент 007: [романы : перевод]; Т. 2; Операция "Гром"; На секретной службе ее величества; Осьминожка; Через снайперский прицел; Достояние леди
| Autore principale: | |
|---|---|
| Altri autori: | |
| Riassunto: | Исключено из фонда НТБ ТПУ |
| Lingua: | russo |
| Pubblicazione: |
Москва, Пролог, 1992
|
| TOC: | Операция "Гром"; На секретной службе ее величества; Осьминожка; Через снайперский прицел; Достояние леди; |
| Natura: | MixedMaterials Libro |
| KOHA link: | https://koha.lib.tpu.ru/cgi-bin/koha/opac-detail.pl?biblionumber=165867 |
MARC
| LEADER | 00000nam0a2200000 4500 | ||
|---|---|---|---|
| 001 | 165867 | ||
| 005 | 20231031161945.0 | ||
| 010 | |a 5850130020 | ||
| 020 | |a RU |b 92-28976 | ||
| 035 | |a (RuTPU)RU\TPU\book\179929 | ||
| 090 | |a 165867 | ||
| 100 | |a 20090923g1992 m y0rusy5003 ca | ||
| 101 | 1 | |a rus |c eng | |
| 102 | |a RU | ||
| 105 | |a a z 000ay | ||
| 200 | 1 | |a Агент 007 |e [романы : перевод] |h Т. 2 |f Я. Флеминг |g худож. В. В. Красновский | |
| 210 | |a Москва |c Пролог |d 1992 | ||
| 215 | |d 21 см |a 287 с. |c ил. | ||
| 333 | |a Исключено из фонда НТБ ТПУ | ||
| 464 | |t Операция "Гром" | ||
| 464 | |t На секретной службе ее величества | ||
| 464 | |t Осьминожка | ||
| 464 | |t Через снайперский прицел | ||
| 464 | |t Достояние леди | ||
| 675 | |a 82 |z rus | ||
| 700 | 1 | |a Флеминг |b Я. |g Ян |4 070 | |
| 702 | 1 | |a Красновский |b В. В. |4 440 | |
| 801 | 0 | |a RU |b RuMRKP |c 19950417 |g psbo | |
| 801 | 1 | |a RU |b 63413507 |c 20090923 | |
| 801 | 2 | |a RU |b 63413507 |c 20211217 |g RCR | |
| 942 | |c BK | ||